| 000 | 00847nam a22003135b 4500 | ||
|---|---|---|---|
| 001 | 091266 | ||
| 003 | DO-SdBNP | ||
| 005 | 20231002105202.0 | ||
| 007 | 091266 | ||
| 008 | 910419r2004 sp spa | ||
| 017 |
_a _b |
||
| 020 | _a8423918750 | ||
| 035 | _a | ||
| 040 |
_aBPMSU _bspa _cBPMSU _e |
||
| 080 | 0 | _a | |
| 082 | 4 |
_a862.6 _bB928u 2004 _222 |
|
| 100 | 1 |
_aBuero Vallejo, Antonio _d1916-2000 |
|
| 245 | 1 | 3 |
_aUn soñador para un pueblo / _cAntonio Buero Vallejo ; edición, Luis Iglesias Feijoo _h |
| 250 | _a23ª ed. | ||
| 260 |
_aMadrid : _bEspasa-Calpe, _c2004 |
||
| 300 |
_a196 p. : _c18 cm |
||
| 490 | 0 |
_aColección austral, _v75 |
|
| 503 | _a | ||
| 590 | _aInventariado, 2023/VM | ||
| 650 | 4 | _aTeatro español | |
| 700 | 1 |
_aIglesias Feijoo, Luis _eed. |
|
| 910 | _aVMateo V. Cotnrol de calidad BPMSU | ||
| 942 |
_2ddc _cBK |
||
| 999 |
_c10844 _d10844 |
||